[Event "FRA-ch Youth 2017"]
[Site "Belfort"]
[Date "2017.04.16"]
[Round "1"]
[White "Spano, Aline"]
[Black "Rollot, Florence"]
[Result "*"]
[WhiteElo "1448"]
[BlackElo "1973"]
[Annotator "NA RC"]
[PlyCount "47"]
[EventDate "2017.??.??"]
[EventCountry "FRA"]
[SourceTitle "playchess.com"]
[Source "ChessBase"]
[SourceQuality "1"]
[TimeControl "5400+30"]

1. e4 {[%emt 0:00:00]} d5 {[%emt 0:00:08]} 2. exd5 {[%emt 0:00:18]} Qxd5 {[%emt 0:00:09]} 3. Nc3 {[%emt 0:00:40]} Qa5 {[%emt 0:00:08]} 4. d4 {[%emt 0:00:29]} Nf6 {[%emt 0:00:09]} 5. Bd2 {[%emt 0:01:05]} Bg4 {[%emt 0:00:23]} 6. Ne4 {[%emt 0:19:58]} Qh5 {[%emt 0:22:27]} 7. Nxf6+ {[%emt 0:01:48]} gxf6 {[%emt 0:00:43]} 8. Be2 {[%emt 0:02:42]} Rg8 {[%emt 0:03:57]} 9. Nf3 {[%emt 0:11:44]} Nc6 $15 {[%emt 0:01:34]} 10. Bc3 {[%emt 0:10:20]} O-O-O {[%emt 0:02:45]} 11. h3 {[%emt 0:02:07]} e5 {[%emt 0:04:17]} 12. Rg1 {[%emt 0:05:36]} Bxf3 {[%emt 0:03:39]} 13. Bxf3 {[%emt 0:00:41]} Qxh3 {[%emt 0:02:49]} 14. d5 {[%emt 0:09:32]} Nd4 {[%emt 0:05:20]} 15. Bxd4 {[%emt 0:02:10]} exd4 {[%emt 0:00:54]} 16. gxh3 {[%emt 0:08:53]} Rxg1+ {[%emt 0:00:09]} 17. Ke2 {[%emt 0:00:33]} Re8+ {[%emt 0:02:37]} 18. Kd3 {[%emt 0:01:13]} Rxd1+ {[%emt 0:00:12]} 19. Rxd1 {[%emt 0:00:15]} Bc5 {[%emt 0:00:20]} 20. Rg1 {[%emt 0:01:00]} Bf8 {[%emt 0:24:19]} 21. Kxd4 {[%emt 0:01:29]} Bh6 {[%emt 0:04:29]} 22. Bh5 {[%emt 0:01:52]} Kd7 {[%emt 0:06:18]} 23. Bxf7 {[%emt 0:04:23]} Re2 {[%emt 0:00:19]} 24. Be6+ {[%emt 0:00:47]} *

[Event "FRA-ch Youth 2017"]
[Site "Belfort"]
[Date "2017.04.16"]
[Round "1"]
[White "Braule-Debaecker, Emeline"]
[Black "Yuan, Beline"]
[Result "1-0"]
[WhiteElo "1287"]
[BlackElo "1845"]
[Annotator "NA RC"]
[PlyCount "54"]
[EventDate "2017.??.??"]
[EventCountry "FRA"]
[SourceTitle "playchess.com"]
[Source "ChessBase"]
[SourceQuality "1"]
[TimeControl "5400+30"]

1. e4 {[%emt 0:00:00]} c5 {[%emt 0:00:13]} 2. c4 {[%emt 0:00:04]} Nc6 {[%emt 0:02:10]} 3. Nc3 {[%emt 0:00:08]} g6 {[%emt 0:01:15]} 4. g3 {[%emt 0:00:18]} Bg7 {[%emt 0:00:18]} 5. Bg2 {[%emt 0:00:07]} e5 {[%emt 0:03:51]} 6. Nge2 {[%emt 0:00:12]} Nge7 {[%emt 0:01:37]} 7. O-O {[%emt 0:00:10]} O-O {[%emt 0:00:46]} 8. d3 {[%emt 0:00:06]} d6 {[%emt 0:02:14]} 9. Be3 {[%emt 0:01:45]} Nd4 {[%emt 0:09:22]} 10. f4 {[%emt 0:02:35]} Be6 {[%emt 0:09:23]} 11. Qd2 {[%emt 0:05:21]} a6 {[%emt 0:10:05]} 12. Nd5 {[%emt 0:01:19]} b5 {[%emt 0:05:51]} 13. fxe5 {[%emt 0:02:32]} dxe5 {[%emt 0:03:38]} 14. Nxd4 {[%emt 0:01:20]} cxd4 {[%emt 0:05:05]} 15. Bg5 {[%emt 0:00:46]} Bxd5 {[%emt 0:05:26]} 16. cxd5 {[%emt 0:00:54]} Qd6 {[%emt 0:02:10]} 17. Rac1 {[%emt 0:03:08]} Rac8 {[%emt 0:05:29]} 18. Rxc8 {[%emt 0:01:44]} Rxc8 {[%emt 0:01:55]} 19. Qf2 {[%emt 0:00:20]} Rf8 {[%emt 0:02:58]} 20. Bf6 {[%emt 0:04:02]} Bh6 {[%emt 0:04:35]} 21. Qc2 {[%emt 0:00:56]} Rb8 {[%emt 0:07:54]} 22. Bh3 {[%emt 0:04:05]} Kf8 {[%emt 0:05:16]} 23. Be6 {[%emt 0:02:12]} Ng8 {[%emt 0:03:29]} 24. Bxe5 {[%emt 0:01:11]} Qb6 {[%emt 0:02:49]} 25. Rxf7+ {[%emt 0:01:14]} Ke8 {[%emt 0:00:12]} 26. Bxb8 {[%emt 0:00:09]} Ne7 {[%emt 0:02:10]} 27. Qc4 Qd8 1-0

[Event "FRA-ch Youth 2017"]
[Site "Belfort"]
[Date "2017.04.17"]
[Round "2"]
[White "Travadon, Loic"]
[Black "Mostefa Kara, Camil"]
[Result "1-0"]
[WhiteElo "2348"]
[BlackElo "1922"]
[Annotator "TA"]
[PlyCount "81"]
[EventDate "2017.??.??"]
[EventCountry "FRA"]
[SourceTitle "playchess.com"]
[Source "ChessBase"]
[SourceQuality "1"]

{[%evp 10,81,12,6,39,28,26,37,37,14,21,22,23,20,26,8,56,18,50,24,63,60,62,47,32,44,58,53,56,51,59,33,50,57,69,0,8,0,11,8,18,14,26,12,11,14,31,18,31,3,66,9,17,14,74,80,79,88,99,99,102,108,155,127,124,128,338,333,29987,679,671,660,1741,1675]} 1. d4 Nf6 2. c4 e6 3. Nf3 d5 4. Nc3 Bb4 5. cxd5 exd5 6. Bg5 {LiveBook: 2354 Games} Be7 {D38: Queen's Gambit Declined: Ragozin Defence (4 Nf3 Bb4)} (6... h6 7. Bh4 O-O 8. e3 Bf5 9. Qb3 Bxc3+ 10. bxc3 Nbd7 11. Be2 c5 12. dxc5 Nxc5 13. Qb4 Nce4 14. Nd4 Bh7 15. O-O {1-0 (48) Grischuk,A (2742)-Eljanov,P (2759) Sharjah 2017}) 7. Qc2 O-O 8. e3 h6 {White is slightly better.} 9. Bh4 c6 10. Bd3 Be6 11. O-O Nbd7 12. Rab1 c5 $146 (12... Bg4 13. Be2 Bd6 14. b4 {1-0 (74) Li,Y (1774)-Lakshmi,C (1547) Maribor 2012}) 13. Qe2 a6 14. Bc2 b5 15. dxc5 Nxc5 16. Rbd1 b4 17. Na4 {Hoping for Bxf6.} Nxa4 18. Bxa4 Qa5 19. Bb3 Rac8 20. Nd4 Bd7 21. Rc1 Rfe8 22. f3 (22. h3 $14) 22... Qb6 23. Rxc8 Rxc8 24. Qd3 Qb7 25. Re1 Rd8 26. Nf5 Bxf5 $1 27. Qxf5 Qc6 28. Qd3 a5 29. Bg3 {[%cal Bh4g3,Bg3e5,Be5f6][%mdl 32]} a4 (29... Bc5 $11) 30. Bc2 ({Better is} 30. Qc2 $14 Qxc2 31. Bxc2) 30... Bc5 31. Be5 g6 (31... Kf8 $11 {keeps the balance.}) 32. Bxa4 $1 $16 Qxa4 33. Bxf6 Rd7 34. Rc1 $36 {[%mdl 2048] White is on the roll.} Qa5 35. Bd4 Be7 36. Rc6 {[#] Rxg6+! is the strong threat.} Rd6 37. Rc8+ Bd8 $2 (37... Rd8 $16 {keeps fighting.} 38. Rxd8+ Bxd8) 38. h3 $18 Qxa2 $2 (38... Kh7 $18 39. Qd2 Bf6) 39. Bc5 (39. Qb5 $142 Qa1+ 40. Kh2 Kf8 41. Qb8 Ke7 42. Bc5 Qa6 43. Rxd8 f6 44. Rxd6) 39... Rd7 40. Bb6 ({Less strong is} 40. Qd4 Qa6 41. Rb8 Qe6 42. Qxb4 (42. Bxb4 Kh7 $16) 42... Kg7 43. Bd4+ f6 $18) 40... Qa1+ 41. Kh2 1-0

[Event "FRA-ch Youth 2017"]
[Site "Belfort"]
[Date "2017.04.17"]
[Round "2"]
[White "Philippe, Guillaume"]
[Black "Karapetian, Rouben"]
[Result "1-0"]
[WhiteElo "2307"]
[BlackElo "1968"]
[Annotator "TA"]
[PlyCount "86"]
[EventDate "2017.??.??"]
[EventCountry "FRA"]
[SourceTitle "playchess.com"]
[Source "ChessBase"]
[SourceQuality "1"]

{[%evp 14,86,27,16,43,35,68,65,75,66,72,57,71,63,72,68,72,48,50,41,48,82,87,69,93,59,77,58,70,52,75,28,114,57,165,160,247,230,251,246,258,247,290,285,360,352,464,387,406,404,804,827,797,406,427,410,406,408,404,398,388,373,745,748,279,722,1184,1169,1160,1085,29991,29992,29992,0,978]} 1. Nf3 Nf6 2. e3 d5 3. c4 e6 4. b3 Be7 5. Bb2 Nbd7 {A13: English Opening: 1...e6} (5... O-O 6. Nc3 c5 7. cxd5 Nxd5 8. Qc2 Nc6 9. h4 h6 10. g4 Nxc3 11. dxc3 e5 12. g5 h5 13. Bc4 Be6 14. Bxe6 fxe6 15. Nd2 Qe8 {½-½ (40) Carlsen,M (2840)-Ganguly,S (2668) Doha 2016}) 6. Nc3 c6 7. d4 O-O 8. Bd3 {LiveBook: 28 Games} Bd6 9. O-O dxc4 10. bxc4 e5 11. Qc2 Re8 $146 (11... exd4 12. exd4 Re8 13. Rfe1 Rxe1+ 14. Rxe1 Nf8 15. d5 Bg4 16. Ne4 Nxe4 17. Bxe4 {1-0 (40) Osieka,U (2205)-Dietzsch,H (2230) Speyer 1986}) 12. Rad1 Qe7 {White must now prevent ...e4.} 13. Ng5 {[%cal Rd3h7]} Nf8 14. Nge4 exd4 {aiming for ...Bxh2+!} 15. Nxd6 Qxd6 16. exd4 Ng4 {[%csl Gg4][%cal Rd6h2]} 17. g3 Qh6 {[%csl Gg4][%cal Rh6h2]} 18. h4 Ng6 19. Rfe1 Bd7 20. Bc1 Qh5 21. f3 $36 {[%mdl 2048] White has good play.} Nf6 22. Qf2 Bf5 (22... c5 $11) 23. Bf1 (23. Bg5 $1 $16 Rxe1+ 24. Qxe1) 23... Bd7 {[#]} (23... h6 $14) 24. Bg5 $1 $18 h6 (24... Rxe1 $16 {is a better defense.} 25. Rxe1 b6) 25. Bxf6 $1 {Hoping for Be5.} gxf6 26. Ne4 Kg7 27. Nd6 Rxe1 28. Rxe1 ({Inferior is} 28. Qxe1 Qxf3 29. Bg2 Qg4 $11) 28... b6 29. f4 {[%cal Bf3f4,Bf4f5][%mdl 32] And now f5 would win.} Qg4 30. Kh2 c5 31. f5 (31. dxc5 bxc5 32. Bg2 (32. Qxc5 Nxh4 33. Re7 Nf3+ 34. Kg2 Nh4+ 35. Kh2 Nf3+ 36. Kg2 Nh4+ 37. Kh2 $11) 32... Rb8 $16) 31... Nf8 (31... Qxd4 $142 32. Qxd4 cxd4) 32. dxc5 bxc5 33. Qxc5 Rb8 {Strongly threatening ...Rb2+.} 34. Qd5 Rb2+ {[#]} 35. Bg2 $1 Ne6 36. fxe6 Bxe6 37. Ne8+ Kh8 $2 (37... Kg6 38. h5+ Qxh5+ 39. Qxh5+ Kxh5 40. Ng7+ Kg6) 38. Qa8 ({Not} 38. Nxf6 Bxd5 39. Nxg4 Bxg2 $14) 38... Qh3+ 39. Kg1 Qxg3 40. Nxf6+ Rb8 41. Qe4 {[%csl Gf6][%cal Re4h7]} Kg7 42. Nh5+ Kh8 43. Nf6 $2 (43. Nxg3 {mates} Rd8 44. Qe5+ Kg8 45. Nh5 Kf8 46. Bc6 Rd3 47. c5 Rd7 48. Qf6 Ke8 49. Rxe6+ fxe6 50. Ng7#) 43... Qg7 $2 {[%mdl 8192]} (43... Kg7 $11) 1-0

[Event "FRA-ch Youth 2017"]
[Site "Belfort"]
[Date "2017.04.17"]
[Round "2"]
[White "Zachary, Matheo"]
[Black "Cheikh-Boukal, Ziyad"]
[Result "1-0"]
[WhiteElo "2267"]
[BlackElo "1848"]
[Annotator "TA"]
[PlyCount "69"]
[EventDate "2017.??.??"]
[EventCountry "FRA"]
[SourceTitle "playchess.com"]
[Source "ChessBase"]
[SourceQuality "1"]

{[%evp 12,69,-1,-8,0,-32,-39,-42,-31,-46,-42,-58,-63,-85,-73,-86,-81,-93,-93,-108,-101,-143,-122,-150,-156,-206,-188,-253,-236,-253,-262,-294,-262,-287,-230,-210,-208,-216,-70,-61,-66,-68,108,-35,0,0,0,-308,-36,-118,-128,-113,0,-5,554,531,29997,29998,29998,29999]} 1. e4 c5 2. Nf3 e6 3. d4 cxd4 4. Nxd4 Nf6 5. Nc3 Nc6 6. Nb3 Bb4 7. Bd3 d5 {Threatens to win with ...d4. B45: Sicilian Four Knights} 8. exd5 Nxd5 9. Bd2 Nxc3 {Black is slightly better.} 10. bxc3 Bd6 (10... Be7 11. O-O O-O 12. Qe2 Qc7 13. Rae1 b6 14. Nd4 Bb7 15. Qg4 {0-1 (36) Bartel,M (2638)-Heberla,B (2577) Warsaw 2017}) 11. Nd4 Ne5 12. Be2 a6 13. O-O O-O 14. Re1 $146 (14. Be3 Qc7 15. g3 {1-0 (26) Zdoima,V-Markin,I (2193) Tomsk 2006}) 14... Qc7 15. g3 b6 {[%cal Bb7b6,Bb6b5][%mdl 32]} 16. Rb1 Bb7 17. Be3 Rfd8 18. Rf1 b5 19. Qc1 (19. Qe1 $142) 19... Qxc3 $19 20. Rb3 Qc7 21. Qa1 Bd5 22. Rc3 Qa5 23. Nb3 Qa4 24. Bd4 Bxb3 ({Black should try} 24... b4 $19 25. Re3 f6) 25. Rxb3 $15 f6 26. Rd1 {[%cal Bf1d1,Bd1d3,Bd3d8][%mdl 32]} Nc6 $2 {[#]} (26... Rac8 $15 {stays ahead.}) 27. Bb6 ({White must play} 27. Bxf6 $1 $16 {[%mdl 512]} gxf6 28. Qxf6) 27... Rd7 28. Bf3 $36 {[%mdl 2048] Hoping for Rc3. White has some pressure.} Rc8 {...Ne5 is the strong threat.} 29. Rbd3 $2 {[%mdl 8192]} (29. Qc3 $11) 29... Be5 $2 (29... Ne5 $19 30. c3 Qa3) 30. c3 (30. Qb1 $15 Rxd3 31. Rxd3) 30... Rxd3 $17 31. Rxd3 {[#]} Qc4 (31... b4 $1 $17 {[%cal Rb4c3]} 32. Qe1 Qb5) 32. Qd1 Qxa2 $2 {[%mdl 8192]} (32... Bxc3 $11 {and Black stays safe.} 33. Be2 Qb4) 33. Bxc6 $1 $18 {Intending Rd8+ and mate.} Rxc6 34. Rd8+ Kf7 35. Qh5+ 1-0

[Event "FRA-ch Youth 2017"]
[Site "Belfort"]
[Date "2017.04.17"]
[Round "2"]
[White "Viel, Simon"]
[Black "Tenev, Preslav"]
[Result "1-0"]
[WhiteElo "2220"]
[BlackElo "1907"]
[Annotator "TA"]
[PlyCount "87"]
[EventDate "2017.??.??"]
[EventCountry "FRA"]
[SourceTitle "playchess.com"]
[Source "ChessBase"]
[SourceQuality "1"]

{[%evp 18,87,0,-12,0,17,8,0,28,22,23,-50,31,35,27,38,42,35,38,25,29,41,66,-30,-28,-29,-31,-21,39,-161,-159,-143,-74,-74,26,30,39,14,73,104,352,173,197,196,354,232,244,244,222,216,218,204,364,354,349,327,442,277,255,249,653,645,605,622,577,545,29986,29986,29990,29991,29993,29992]} 1. e4 e5 2. Nf3 Nc6 3. Bc4 Nf6 4. d4 exd4 5. e5 d5 6. Bb5 Ne4 7. Nxd4 Bc5 8. Be3 O-O 9. Bxc6 bxc6 10. O-O Bxd4 {C56: Two Knights: 4 d4 exd4 5 0-0 Nxe4} 11. Qxd4 c5 12. Qd3 Bf5 {[#]The position is equal.} 13. Bxc5 $1 {[%mdl 512]} Re8 (13... Nxc5 14. Qxf5) 14. f4 (14. Nd2 $11) 14... Qd7 ({Better is} 14... Qb8 $15 15. Nd2 (15. Qxd5 Rd8 16. Qc4 Qxb2 $19) 15... Qxb2) 15. Ba3 $14 Qc6 16. h3 Qg6 $146 (16... Re6 17. Nc3 Nxc3 18. Qxc3 Qxc3 19. bxc3 {0-1 (60) Westerberg,J (2320)-L'Ami,E (2625) Stockholm 2013}) 17. Kh2 h5 18. Nc3 h4 19. Nxd5 {aiming for Ne7+.} Ng3 20. Qc4 (20. Qd2 $1 $14) 20... Nxf1+ $11 21. Qxf1 Qg3+ 22. Kh1 Be4 (22... Rad8 $11 23. Ne7+ (23. Nxc7 $2 Rd2 24. Qf3 Qxf3 25. gxf3 Rc8 $19) 23... Rxe7 $1 {[%mdl 512]} 24. Bxe7 Rd2) 23. Nxc7 $2 (23. Ne7+ $1 $14 {is the one way to stay ahead.} Rxe7 24. Bxe7) 23... Rec8 (23... Qxh3+ 24. Kg1 Qg3 25. Re1 (25. Nxa8 h3 26. Re1 Bxg2 27. f5 h2#) 25... Bxg2 26. Qf2 Qxf2+ 27. Kxf2 $11) 24. Bd6 {[#]} (24. Nxa8 Rxc2 25. Rd1 Bxg2+ 26. Kg1 Bxf1+ 27. Kxf1 Qf2#) 24... Qxh3+ (24... Rxc7 $142 $1 {[%mdl 512]} 25. Bxc7 Rc8) 25. Kg1 $17 Qg4 (25... Qe3+ $17 26. Qf2 Qxf2+ 27. Kxf2 Rab8) 26. Re1 $11 Bb7 27. Qe2 (27. Nxa8 $2 Rxc2 28. Qf2 Rxf2 29. Kxf2 Qxf4+ 30. Ke2 Bxa8 $19) 27... Qg6 {[#]} (27... Qxf4 $11 {remains equal.} 28. Nxa8 Bxa8) 28. e6 $1 $16 {Black must now prevent f5.} Kh7 $2 (28... f5 $16) 29. exf7 ({Not} 29. Nxa8 Rxc2 30. exf7 Rxe2 31. f8=N+ Kg8 32. Nxg6 Rxe1+ 33. Kh2 (33. Kf2 Re6 34. Ne7+ Kf7 $19) 33... Bxa8 34. Nxh4 Re2 $17) (29. f5 $142 Qxf5 30. Rf1 (30. Nxa8 $2 Rxc2 31. e7 Rxe2 32. Rxe2 Bc6 $19)) 29... Qxf7 30. Qd3+ Kg8 $2 (30... Qg6 31. Qxg6+ (31. Nxa8 Qxd3 32. cxd3 Bxa8 $16) 31... Kxg6 32. Re6+ (32. Nxa8 Rxc2 33. Nc7 Rxg2+ 34. Kf1 Rd2 $16) 32... Kh5) 31. Re7 Qxe7 32. Bxe7 Rxc7 33. Bxh4 Re8 34. f5 {[%cal Bf4f5,Bf5f6][%mdl 32]} Be4 $2 (34... Rf7 {is a better defense.} 35. f6 Re4 36. fxg7 Rxg7 37. Qb3+ Kf8) 35. Qb5 $18 Rec8 36. Qe5 Bxc2 37. f6 {Hoping for Qe6+.} Bg6 38. fxg7 Kh7 $2 (38... Rc1+ 39. Kh2 R1c5) 39. Bf6 Rc1+ 40. Kh2 {Qe6 is the strong threat.} R1c5 41. Qe7 R5c7 42. Qf8 {[%csl Gf8][%cal Rg7g8] White mates.} Bf7 43. Be5 Re7 44. Qxe7 1-0

[Event "FRA-ch Youth 2017"]
[Site "Belfort"]
[Date "2017.04.17"]
[Round "2"]
[White "Dudognon, Thibault"]
[Black "Dillenschneider, Ernesto"]
[Result "1/2-1/2"]
[WhiteElo "2218"]
[BlackElo "2037"]
[Annotator "TA"]
[PlyCount "47"]
[EventDate "2017.??.??"]
[EventCountry "FRA"]
[SourceTitle "playchess.com"]
[Source "ChessBase"]
[SourceQuality "1"]

{[%evp 24,47,25,26,50,0,6,-56,-23,-52,-57,-127,-120,-137,-137,-154,-97,-151,-128,-173,-116,-127,0,-174,0,-130]} 1. c4 c5 2. g3 g6 3. Bg2 Bg7 4. Nc3 Nc6 5. Nf3 {[%cal Bg1f3,Bf3e1,Be1c2,Bc2e3,Be3c4][%mdl 32]} d6 6. a3 a5 7. O-O e5 8. d3 Nge7 9. Ne1 Be6 10. Nc2 d5 11. cxd5 {A37: Symmetrical English vs ...g6: 4 Bg2 Bg7 5 Nf3} Nxd5 12. Ne3 Nde7 (12... Nb6 13. Nc4 O-O 14. Bxc6 bxc6 15. Nxb6 Qxb6 16. Be3 Qxb2 17. Na4 Qb3 18. Nxc5 Qxd1 19. Rfxd1 {½-½ (46) Adams,M (2748)-Caruana,F (2823) London 2016}) 13. Nc4 {LiveBook: 61 Games. White has an edge.} b6 $146 (13... O-O 14. Bg5 f6 15. Be3 b6 16. Qa4 Qc7 17. f4 Rab8 18. fxe5 fxe5 19. Rxf8+ Bxf8 {1-0 (43) Saric,I (2652)-Ziska,H (2523) Reykjavik 2015}) 14. f4 Rc8 15. Nb5 ({White should try} 15. Qb3 $11) 15... O-O $15 16. Ncd6 Rb8 17. Kh1 (17. a4 $15) 17... Nd4 $17 18. Nxd4 exd4 ({But not} 18... cxd4 $6 19. Nc4 $11) 19. Ne4 Nf5 (19... Re8 $142 20. Bd2 h6) 20. Qe1 ({Better is} 20. g4 Ne7 21. g5) 20... Bd5 21. Rb1 Ba2 (21... c4 $19 22. Bd2 (22. dxc4 Bxc4 23. Qf2 Re8 $17) 22... Re8) 22. Ra1 Bd5 23. Rb1 $1 Ba2 24. Ra1 1/2-1/2

[Event "FRA-ch Youth 2017"]
[Site "Belfort"]
[Date "2017.04.17"]
[Round "2"]
[White "Harutyunyan, Ruben"]
[Black "Saya, Ethan"]
[Result "1-0"]
[WhiteElo "2218"]
[BlackElo "1840"]
[Annotator "TA"]
[PlyCount "39"]
[EventDate "2017.??.??"]
[EventCountry "FRA"]
[SourceTitle "playchess.com"]
[Source "ChessBase"]
[SourceQuality "1"]

{[%evp 10,39,43,38,61,16,107,59,138,127,127,115,375,387,374,358,629,654,641,643,702,591,1424,1420,1539,1569,1547,1541,1479,1162,1106,880]} 1. e4 d5 2. exd5 Qxd5 3. Nc3 Qa5 4. d4 Nf6 5. Bc4 Nc6 6. Nge2 {LiveBook: 48 Games} Bf5 {B01: Scandinavian Defence} (6... Bg4 7. f3 Be6 8. Bxe6 fxe6 9. O-O O-O-O 10. Qe1 e5 11. dxe5 Qxe5 12. Kh1 e6 13. Bf4 Qf5 14. Rd1 Bb4 {½-½ (46) Ponomariov,R (2710)-Munoz Pantoja,M (2441) Berlin 2015}) 7. Bd2 {Hoping for Nd5.} Qb4 (7... O-O-O $1 $11) 8. b3 {And now Nb5 would win.} ({Of course not} 8. Bb5 $6 O-O-O $11) 8... e5 ({Black should try} 8... Qd6 $14) 9. Nb5 $16 Qe7 {[#]} 10. d5 $1 {[%cal Rd5c6,Bd4d5,Bd5d6][%mdl 32]} Nb4 $146 {[%mdl 8192] [#]} (10... Nd8 $16 {was necessary.}) (10... Nd4 11. d6 cxd6 12. Nbxd4 exd4 13. O-O d5 14. Bb5+ {0-1 (29) Schlechter,C-Mieses,J Stuttgart 1909}) 11. d6 $1 $18 {[%cal Rd6e7][%mdl 512]} Nxc2+ {[#]} (11... cxd6 12. Bxb4) 12. Qxc2 $1 {[%mdl 512]} Qd7 $2 (12... Bxc2 13. dxe7 Kxe7) 13. Nxc7+ {White is clearly winning.} Kd8 14. Qb2 Rc8 15. Nb5 a6 16. Ba5+ Ke8 17. Qxe5+ Be6 18. Nc7+ Rxc7 19. Bxc7 Ng4 20. Bxe6 1-0

[Event "FRA-ch Youth 2017"]
[Site "Belfort"]
[Date "2017.04.17"]
[Round "2"]
[White "Caloone, Thomas"]
[Black "Auvray, Honorine"]
[Result "1-0"]
[WhiteElo "2149"]
[BlackElo "1953"]
[Annotator "TA"]
[PlyCount "129"]
[EventDate "2017.??.??"]
[EventCountry "FRA"]
[SourceTitle "playchess.com"]
[Source "ChessBase"]
[SourceQuality "1"]

{[%evp 18,129,26,25,27,37,40,-13,56,43,39,42,44,31,18,2,20,0,0,0,22,16,79,66,61,64,60,31,41,0,112,108,107,107,116,58,63,12,26,13,154,101,183,183,176,33,47,17,213,215,270,285,296,267,282,280,222,87,86,125,119,129,117,114,101,8,8,22,29966,6490,29968,29969,29969,29971,29974,29974,29976,29977,29976,179,179,179,179,179,179,179,179,179,179,179,179,179,179,179,179,183,262,184,29975,4277,12716,12815,5106,184,187,0,8285,9977,29963,29973,29985,29986,29988,29989]} 1. e4 g6 2. d4 Bg7 3. f4 d6 4. Nf3 Nf6 5. Nc3 O-O 6. Bd3 Na6 7. a3 {[%cal Ba2a3,Ba3a4,Ba4a5][%mdl 32]} c5 8. d5 Nc7 9. O-O a6 10. a4 Rb8 {B09: Pirc Defence: Austrian Attack} 11. a5 Nb5 $146 (11... Bg4 12. h3 Bxf3 13. Qxf3 Nd7 14. Be3 b5 15. axb6 Rxb6 16. Na4 Rb8 17. c3 Nb5 18. Ra2 Qc7 19. Bc4 Kh8 20. Bf2 Rbe8 21. Qd3 f5 22. Bh4 fxe4 23. Qxe4 Nf6 24. Qd3 Qb7 25. Raa1 Nc7 {½-½ (25) Benes,P (2124)-Klenburg,M (2370) Pardubice 2012}) 12. Qe2 (12. Bd2 $14) 12... Nd4 (12... Nxc3 $11 13. bxc3 Re8) 13. Nxd4 cxd4 14. Nd1 Bg4 15. Qf2 Nd7 16. b4 f5 17. exf5 (17. Bb2 $5 {is interesting.} fxe4 18. Bxe4 Nf6 19. Re1 b6 20. Bxd4 bxa5 21. bxa5 Rb4 22. c3) 17... Bxf5 18. Bb2 Bxd3 19. cxd3 Rf5 (19... Be5 $11 {remains equal.}) 20. Bxd4 $16 Rxd5 21. Bxg7 Kxg7 22. Qf3 Rd4 23. Rb1 Qf8 (23... b6 $11 {keeps the balance.}) 24. Qe3 $1 {[%cal Re3d4]} Rd5 25. Nc3 $36 {[%mdl 2048] White is in control.} Rf5 26. Rbe1 (26. g4 $16 Rf7 27. Ne4) 26... e5 $14 {[%cal Re5f4]} 27. fxe5 (27. Ne4 $14) 27... dxe5 $11 28. Rxf5 Qxf5 (28... gxf5 $11 29. Nd5 Qd6) 29. Rf1 ({Better is} 29. Ne4) 29... Qg4 (29... Qh5 $16 {was necessary.}) 30. Ne4 $18 Rf8 31. Rxf8 (31. Rc1 $1 $18) 31... Kxf8 $14 32. h3 Qe6 $2 (32... Qf4 $11 33. Qe1 Nf6) 33. Qh6+ $18 Kg8 34. Qxh7+ $1 Kxh7 35. Ng5+ Kg7 36. Nxe6+ {[%mdl 4096] Endgame KN-KN} Kf6 {[#]} 37. Nc7 (37. Nc5 $1 $18 {[%cal Rc5d7]} Nxc5 38. bxc5) 37... Nb8 $16 {[#]} 38. Nd5+ $1 Ke6 39. Ne3 Nc6 40. Nc2 e4 41. d4 ({White should play} 41. dxe4 $16 {Threatens to win with Kf2.} Ke5 42. Kf2 Kxe4 43. Ke2) 41... Kd5 $11 42. Kf2 Nxd4 $2 {[%mdl 8192]} (42... Ne7 $11) 43. Nxd4 Kxd4 {KP-KP} 44. Ke2 Ke5 45. Ke3 Kf5 46. g4+ Kg5 47. Kxe4 Kh4 48. Ke5 $2 (48. Kf4 {mates} Kxh3 49. Kg5 Kg3 50. Kxg6 Kf3 51. Kf5 Ke3 52. Ke5 Ke2 53. g5) 48... Kxh3 $18 49. Kd6 Kxg4 {K3P-KPP} 50. Kc7 Kf5 51. Kxb7 {Strongly threatening b5. KPP-KPP} g5 52. b5 g4 53. bxa6 {a7 would kill now. KPP-KP} g3 54. a7 g2 55. a8=Q {White threatens Qg8 and mate.} g1=Q {KQ-KQ} 56. Qc8+ Ke5 (56... Kf4 {might work better.} 57. Qc7+ Kf3) 57. Qc7+ Kd5 $2 (57... Kf5 $18 58. Qc2+ Kf4) 58. Qc6+ (58. a6 $142 Qb1+ 59. Kc8 Qa1 60. a7 Qa3 61. Kb8 Qf8+ 62. Kb7 Qb4+ 63. Qb6 Qe7+ 64. Qc7 Qb4+ 65. Ka6) 58... Ke5 59. a6 Qb1+ 60. Qb6 $2 (60. Kc8 Qg1 61. Kb8 Qg8+ 62. Kb7 Qb3+ 63. Kc7) 60... Qh1+ 61. Qc6 $2 (61. Kc8 Qh3+ 62. Kb8 Qh8+ 63. Kb7 Qh1+ 64. Qc6 Qb1+ 65. Qb6 Qe4+ 66. Kb8) 61... Qb1+ 62. Kc8 Qf5+ 63. Kc7 {White mates.} Qh7+ 64. Kb6 Qh3 65. a7 1-0